Christ's ambassadors : (Record no. 6047)
[ view plain ]
| 000 -LEADER | |
|---|---|
| fixed length control field | 00453cam a22001571i 4500 |
| 001 - CONTROL NUMBER | |
| control field | 8011704 |
| 005 - DATE AND TIME OF LATEST TRANSACTION | |
| control field | 20250529164238.0 |
| 008 - FIXED-LENGTH DATA ELEMENTS--GENERAL INFORMATION | |
| fixed length control field | 791116s1965 pau b 000 0 eng |
| 050 00 - LIBRARY OF CONGRESS CALL NUMBER | |
| Classification number | BV2411.2 |
| Item number | .C58 |
| 100 1# - MAIN ENTRY--PERSONAL NAME | |
| Personal name | Colquhoun, Frank. |
| 245 10 - TITLE STATEMENT | |
| Title | Christ's ambassadors : |
| Remainder of title | the priority of preaching / |
| Statement of responsibility, etc. | Frank Colquhoun. |
| 260 ## - PUBLICATION, DISTRIBUTION, ETC. | |
| Place of publication, distribution, etc. | Philadelphia : |
| Name of publisher, distributor, etc. | Westminster Press , |
| Date of publication, distribution, etc. | [c1965] |
| 300 ## - PHYSICAL DESCRIPTION | |
| Extent | 93 p. ; |
| Dimensions | 19 cm. |
| 650 #0 - SUBJECT ADDED ENTRY--TOPICAL TERM | |
| Topical term or geographic name entry element | Preaching. |
| 942 ## - ADDED ENTRY ELEMENTS (KOHA) | |
| Source of classification or shelving scheme | Library of Congress Classification |
| Koha item type | Books |
| Suppress in OPAC | No |
| 999 ## - | |
| -- | 6047 |
| -- | 6047 |
| Withdrawn status | Lost status | Source of classification or shelving scheme | Damaged status | Not for loan | Collection | Home library | Current library | Shelving location | Date acquired | Total checkouts | Full call number | Barcode | Date last seen | Copy number | Price effective from | Koha item type |
|---|---|---|---|---|---|---|---|---|---|---|---|---|---|---|---|---|
| Library of Congress Classification | Non-fiction | Undergraduate Library (Christ Temple) | Undergraduate Library (Christ Temple) | General stacks | 05/29/2025 | BV 4211.2 COL | ulct00002739 | 05/29/2025 | 1 | 05/29/2025 | Books |